| 000 | 01357cam a2200229 4500 | ||
|---|---|---|---|
| 001 | ABS67251 | ||
| 008 | 031121n2003 000 0 eng u | ||
| 035 | _a(Sirsi) u124426 | ||
| 100 | _aHarley, D. | ||
| 245 | _aSustainable urban drainage in Scotland - recent developments | ||
| 260 | _c2003 | ||
| 490 |
_aScottish Planning and Environmental Law _v(99) October 2003, 106-107(2) |
||
| 520 | _aSets out important developments in relation to Sustainable Urban Drainage Systems (SUDS) in relation to Scotland. Looks at the role of the Sustainable Urban Drainage Scottish Working Party. CIRIA's "Sustainable urban drainage systems: design manual for Scotland and Northern Ireland" (ISBN 0860175219) provides a framework agreement for SUDS adoption which is complemented by the PAN61 which provides practical advice for planners and developers. The Water Environment and Water Services (Scotland) Act 2003 which received Royal Assent in March 2003 but it not yet in force will provide construction and vesting conditions for all SUDS in Scotland. | ||
| 590 | _aABS | ||
| 650 | _aSUSTAINABLE URBAN DRAINAGE SYSTEMS | ||
| 650 | _aDRAINAGE SYSTEMS | ||
| 650 | _aPAN61 | ||
| 650 | _aSCOTLAND | ||
| 650 | _aWATER ENVIRONMENT AND WATER SERVICES (SCOTLAND) ACT 2003 | ||
| 690 | _aENVIRONMENTAL AND LAND CONSULTANCY-ENVIRONMENTAL MANAGEMENT | ||
| 942 | _n0 | ||
| 999 |
_c73829 _d73829 |
||